| 000 | 00461nam a2200181Ia 4500 | ||
|---|---|---|---|
| 005 | 20230807111834.0 | ||
| 008 | 131103s9999 xx 000 0 und d | ||
| 040 | _aLoreto College | ||
| 041 | _aEnglish | ||
| 082 |
_aF _bMAU |
||
| 100 | _aMaurier,Daphne du | ||
| 245 |
_aFour great Cornish novels _cDaphne du Maurier |
||
| 260 |
_aLondon _bVictor Gollancz Ltd. _c1978 |
||
| 300 | _a847 p. | ||
| 650 | _aFiction in English | ||
| 850 | _aLCLIB | ||
| 942 | _cBK | ||
| 999 |
_c15825 _d66304 |
||